The noble scholar, jurist, historian


 His Excellency Dr. Abdul Wahhab bin Ibrahim Abu Sulaiman, may Allah have mercy on him.


 He was born in Umm Al-Qura in the year 1356 AH.

علاقة القبائل العربية المقيمة حول المدينة بالدولة الإسلامية في عهد الرسول صلى الله عليه وسلم / (Record no. 10456)

MARC details
000 -LEADER
fixed length control field 02037cam a22003971i 4500
003 - CONTROL NUMBER IDENTIFIER
control field SA-RiAUC
005 - DATE AND TIME OF LATEST TRANSACTION
control field 20250802051732.0
008 - FIXED-LENGTH DATA ELEMENTS--GENERAL INFORMATION
fixed length control field 250730s2005 su f b f001 0 ara c
020 ## - INTERNATIONAL STANDARD BOOK NUMBER
International Standard Book Number 9960890465
040 ## - CATALOGING SOURCE
Original cataloging agency MA-HhKAF
Language of cataloging ara
Transcribing agency SA-RiAUC.
Description conventions rda
041 1# - LANGUAGE CODE
Language code of text/sound track or separate title ara
Language code of summary or abstract ara
-- eng
043 ## - GEOGRAPHIC AREA CODE
Geographic area code a-su---
045 2# - TIME PERIOD OF CONTENT
Formatted 9999 B.C. through C.E. time period d622
-- d632
082 04 - DEWEY DECIMAL CLASSIFICATION NUMBER
Classification number 953.02
Assigning agency SA-RiAUC
090 ## - LOCALLY ASSIGNED LC-TYPE CALL NUMBER (OCLC); LOCAL CALL NUMBER (RLIN)
Classification number (OCLC) (R) ; Classification number, CALL (RLIN) (NR) 953.02
Local cutter number (OCLC) ; Book number/undivided call number, CALL (RLIN) ع س ك
100 1# - MAIN ENTRY--PERSONAL NAME
Personal name العسكر، محمد صالح محمد،
Dates associated with a name 1379 هجري-
Relator term مؤلف.
245 10 - TITLE STATEMENT
Title علاقة القبائل العربية المقيمة حول المدينة بالدولة الإسلامية في عهد الرسول صلى الله عليه وسلم /
Statement of responsibility, etc. محمد بن صالح بن محمد العسكر.
250 ## - EDITION STATEMENT
Edition statement الطبعة الأولى.
264 #1 - PRODUCTION, PUBLICATION, DISTRIBUTION, MANUFACTURE, AND COPYRIGHT NOTICE
Place of production, publication, distribution, manufacture الرياض :
Name of producer, publisher, distributor, manufacturer مركز الملك فيصل للبحوث والدراسات الإسلامية،
Date of production, publication, distribution, manufacture, or copyright notice 2005.
300 ## - PHYSICAL DESCRIPTION
Extent 538 صفحة ؛
Dimensions 24 سم.
336 ## - CONTENT TYPE
Content type term نص
Content type code txt
Source rdacontent
Materials specified كتاب
337 ## - MEDIA TYPE
Media type term بدون وسيط
Media type code n
Source rdamedia
338 ## - CARRIER TYPE
Carrier type term مجلد
Carrier type code nc
Source rdacarrier
490 1# - SERIES STATEMENT
Series statement رسائل جامعية ؛
Volume/sequential designation 7
500 ## - GENERAL NOTE
General note يشتمل على كشافات.
500 ## - GENERAL NOTE
General note أصل هذا الكتاب أطروحة لنيل درجة الدكتورة في التاريخ الإسلامي من قسم التاريخ في جامعة الملك سعود سنة 1422 هـ.
504 ## - BIBLIOGRAPHY, ETC. NOTE
Bibliography, etc. note ببليوجرافية : صفحة 443-469.
546 ## - LANGUAGE NOTE
Language note يشتمل على ملخص باللغتين العربية والإنجليزية.
650 #7 - SUBJECT ADDED ENTRY--TOPICAL TERM
Topical term or geographic name entry element التاريخ الإسلامي
Chronological subdivision عصر صدر الإسلام
Source of heading or term aucsh
650 #7 - SUBJECT ADDED ENTRY--TOPICAL TERM
Topical term or geographic name entry element القبائل العربية
General subdivision تاريخ
Chronological subdivision عصر صدر الإسلام
Source of heading or term aucsh
651 #7 - SUBJECT ADDED ENTRY--GEOGRAPHIC NAME
Geographic name المدينة المنورة
General subdivision تاريخ
Source of heading or term aucsh
830 #0 - SERIES ADDED ENTRY--UNIFORM TITLE
Uniform title رسائل جامعية (مركز الملك فيصل للبحوث والدراسات الإسلامية)
Volume/sequential designation 7
942 ## - ADDED ENTRY ELEMENTS (KOHA)
Source of classification or shelving scheme Dewey Decimal Classification
Koha item type Books
Suppress in OPAC No
949 ## - LOCAL PROCESSING INFORMATION (OCLC)
a SA-JeALM
d 250730
u mohamedma123
n 1
Holdings
Withdrawn status Lost status Source of classification or shelving scheme Damaged status Not for loan Home library Current library Date acquired Total checkouts Full call number Barcode Date last seen Price effective from Koha item type
    Dewey Decimal Classification     DR AbdElwahab Library DR AbdElwahab Library 08/02/2025   953.02 ع س ك 000017068 08/02/2025 08/02/2025 Books